Samochody sportowe GTA SA - Statystyki

Ogólne statystyki
  • Ten quiz został rozwiązany 69 razy
  • Średni wynik to 8 z 12
Statystyki odpowiedzi
Obrazkowy Odpowiedź % Poprawnych
Infernus
92%
Turismo
83%
Bullet
80%
Comet
80%
Banshee
75%
ZR 350
73%
Cheetah
70%
Phoenix
68%
Super GT
62%
Euros
57%
Hotknife
48%
Hotring Racer
35%
Nie znaleziono quizów pasujących do podanych kryteriów
Rozkład punktacji
Procent ludzi z każdym wynikiem
Percentyl według liczby udzielonych odpowiedzi
Twoja historia wyników
Nie rozwiązałeś tego quizu